El evangelio de Mateo: lectura comentada
সংরক্ষণ করুন:
| প্রধান লেখক: | , |
|---|---|
| বিন্যাস: | গ্রন্থ |
| ভাষা: | স্প্যানিশ |
| প্রকাশিত: |
Madrid
Cristiandad
1981
|
| মালা: | Lectura del Nuevo Testamento
|
| বিষয়গুলি: | |
| ট্যাগগুলো: |
ট্যাগ যুক্ত করুন
কোনো ট্যাগ নেই, প্রথমজন হিসাবে ট্যাগ করুন!
|
MARC
| LEADER | 00000nam a2200000 a 4500 | ||
|---|---|---|---|
| 001 | UCL1262 | ||
| 003 | CL-VaPUC | ||
| 008 | 030905e19810000SP |||||||||||||||||spa|d | ||
| 020 | |a 8470572997 | ||
| 082 | 0 | 4 | |a 226.2077 |b MAT |2 21 |
| 100 | |a Mateos Alvarez, Juan José |e autor |9 314392 | ||
| 700 | 0 | |a Camacho, Fernando |e author |9 478169 | |
| 245 | 1 | 3 | |a El evangelio de Mateo: lectura comentada |
| 300 | |a 292 p | ||
| 942 | |c BK | ||
| 945 | |d 20030905 00:00:00 |a vberengu | ||
| 260 | |a Madrid |b Cristiandad |c 1981 | ||
| 650 | 0 | |a Nuevo testamento |9 257604 | |
| 650 | 0 | |a Evangelios |9 314864 | |
| 650 | 0 | |a Evangelistas |9 315131 | |
| 583 | |a last modification |c 20030905 00:00:00 |k Rodrigo Vera | ||
| 490 | 0 | |a Lectura del Nuevo Testamento | |
| 999 | |c 304906 |d 304904 | ||
| 952 | |0 0 |1 0 |4 0 |6 226_207700000000000_MAT_1981 |7 0 |8 A |9 367737 |a BIBTEO |b BIBTEO |d 2019-11-21 |i 2076659 |o 226.2077 MAT 1981 |p 2076659 |r 2025-01-17 |w 2019-11-21 |y BK |k ICR | ||